<?xml version="1.0" encoding="UTF-8"?>
<record
    xmlns:xsi="http://www.w3.org/2001/XMLSchema-instance"
    xsi:schemaLocation="http://www.loc.gov/MARC21/slim http://www.loc.gov/standards/marcxml/schema/MARC21slim.xsd"
    xmlns="http://www.loc.gov/MARC21/slim">

  <leader>01575nam a22001697a 4500</leader>
  <controlfield tag="008">120214t        xxu||||| |||| 00| 0 eng d</controlfield>
  <datafield tag="050" ind1=" " ind2=" ">
    <subfield code="a">HD62.4.G74</subfield>
  </datafield>
  <datafield tag="100" ind1=" " ind2=" ">
    <subfield code="a"> Griffin Ricky W,</subfield>
  </datafield>
  <datafield tag="245" ind1=" " ind2=" ">
    <subfield code="a">International business : a managerial perspective /</subfield>
    <subfield code="c">Ricky W Griffin; Michael W Pustay</subfield>
  </datafield>
  <datafield tag="250" ind1=" " ind2=" ">
    <subfield code="a">5th</subfield>
  </datafield>
  <datafield tag="260" ind1=" " ind2=" ">
    <subfield code="a">Upper Saddle:</subfield>
    <subfield code="b">Pearson Education International, </subfield>
    <subfield code="c">2007.</subfield>
  </datafield>
  <datafield tag="300" ind1=" " ind2=" ">
    <subfield code="a">640 p. :.</subfield>
    <subfield code="b"> ill,</subfield>
    <subfield code="c">28cm.</subfield>
  </datafield>
  <datafield tag="500" ind1=" " ind2=" ">
    <subfield code="a">Includes: index</subfield>
  </datafield>
  <datafield tag="505" ind1=" " ind2=" ">
    <subfield code="a">Contents: The World's marketplaces: An Overview of international business -- Global marketplaces and business centers -- Legal, technological, and political forces -- The Role of culture -- Ethics and social responsibility in international business -- The International environment: International trade and investment theory -- International monetary system and the balance of payments -- Foreign exchange and international financial markets -- Formulation of national trade policies -- International cooperation among nations -- Managing international business: International strategic management --  Strategies for analyzing and entering foreign markets -- International strategic alliances -- International organization design and control -- Leadership and employee behavior in international business -- Managing international business operations: International marketing -- International operations management -- International financial management -- International accounting and taxation -- International human resource management and labor relations -- Glossary.</subfield>
  </datafield>
  <datafield tag="600" ind1=" " ind2=" ">
    <subfield code="a">Michael W Pustay</subfield>
  </datafield>
  <datafield tag="942" ind1=" " ind2=" ">
    <subfield code="2">lcc</subfield>
    <subfield code="c">BK</subfield>
  </datafield>
  <datafield tag="999" ind1=" " ind2=" ">
    <subfield code="c">606</subfield>
    <subfield code="d">8106</subfield>
  </datafield>
  <datafield tag="952" ind1=" " ind2=" ">
    <subfield code="0">0</subfield>
    <subfield code="1">0</subfield>
    <subfield code="2">lcc</subfield>
    <subfield code="4">0</subfield>
    <subfield code="7">0</subfield>
    <subfield code="a">WIUC-1</subfield>
    <subfield code="b">WIUC-1</subfield>
    <subfield code="c">GEN</subfield>
    <subfield code="d">2012-02-14</subfield>
    <subfield code="l">0</subfield>
    <subfield code="o">HD62.4.G74</subfield>
    <subfield code="p">1393/12</subfield>
    <subfield code="r">2012-02-14 00:00:00</subfield>
    <subfield code="w">2012-02-14</subfield>
    <subfield code="y">BK</subfield>
  </datafield>
  <datafield tag="952" ind1=" " ind2=" ">
    <subfield code="0">0</subfield>
    <subfield code="1">0</subfield>
    <subfield code="2">lcc</subfield>
    <subfield code="4">0</subfield>
    <subfield code="7">0</subfield>
    <subfield code="a">WIUC-1</subfield>
    <subfield code="b">WIUC-1</subfield>
    <subfield code="c">GEN</subfield>
    <subfield code="d">2012-02-14</subfield>
    <subfield code="l">0</subfield>
    <subfield code="o">HD62.4.G741</subfield>
    <subfield code="p">1394/12</subfield>
    <subfield code="r">2012-02-14 00:00:00</subfield>
    <subfield code="w">2012-02-14</subfield>
    <subfield code="y">BK</subfield>
  </datafield>
  <datafield tag="952" ind1=" " ind2=" ">
    <subfield code="0">0</subfield>
    <subfield code="1">0</subfield>
    <subfield code="2">lcc</subfield>
    <subfield code="4">0</subfield>
    <subfield code="7">0</subfield>
    <subfield code="a">WIUC-1</subfield>
    <subfield code="b">WIUC-1</subfield>
    <subfield code="c">GEN</subfield>
    <subfield code="d">2012-02-14</subfield>
    <subfield code="l">0</subfield>
    <subfield code="o">HD62.4.G742</subfield>
    <subfield code="p">1395/12</subfield>
    <subfield code="r">2012-02-14 00:00:00</subfield>
    <subfield code="w">2012-02-14</subfield>
    <subfield code="y">BK</subfield>
  </datafield>
</record>
